[Event "Edmonton res op"]
[Site "Edmonton"]
[Date "2004.01.15"]
[Round "2"]
[White "McIntosh, Danny"]
[Black "White, Daniel"]
[Result "1-0"]
[WhiteElo "1644"]
[BlackElo "1507"]
[PlyCount "111"]
[EventDate "2004.02.??"]
[EventType "swiss"]
[EventRounds "9"]
[EventCountry "CAN"]
[SourceTitle "EXT 2006"]
[Source "ChessBase"]
[SourceDate "2005.11.24"]
[SourceVersion "1"]
[SourceVersionDate "2005.11.24"]
[SourceQuality "1"]

1. e4 e5 2. f4 d6 3. Nc3 Nc6 4. Bb5 Bd7 5. Nf3 Nf6 6. d4 exd4 7. Nxd4 Nxd4 8. Bxd7+ Qxd7 9. Qxd4 Qc6 10. 0-0 Be7 11. e5 dxe5 12. Qxe5 Qc5+ 13. Kh1 Qxe5 14. fxe5 Ng4 15. h3 Nxe5 16. Nd5 Bd6 17. Bf4 0-0-0 18. Rad1 f6 19. Ne3 Rhe8 20. Nf5 Bf8 21. Be3 Nc4 22. Bxa7 b6 23. b3 Rxd1 24. Rxd1 Ne3 25. Re1 Kb7 26. Bxb6 cxb6 27. Rxe3 Rxe3 28. Nxe3 g6 29. Nd5 f5 30. Kg1 Kc6 31. Nf6 h5 32. Kf2 Be7 33. Ng8 Bg5 34. g3 h4 35. gxh4 Bxh4+ 36. Kf3 Bg5 37. Kg3 f4+ 38. Kg4 Kd7 39. h4 f3 40. Kxf3 Bxh4 41. Nh6 Be7 42. Ng4 g5 43. Ke4 Ke6 44. a4 Bb4 45. Kd3 Kf5 46. Ne3+ Ke6 47. c3 Bc5 48. Ng2 Kf5 49. Kc4 Ke4 50. a5 Kf3 51. a6 Bf2 52. Kb5 Kxg2 53. a7 g4 54. a8Q+ Kf1 55. Qh1+ Bg1 56. Qf3+ 1-0

[Event "Edmonton op05b"]
[Site "Edmonton"]
[Date "2003.05.11"]
[Round "?"]
[White "McIntosh, Danny"]
[Black "Hughey, Micah"]
[Result "1/2-1/2"]
[WhiteElo "1830"]
[BlackElo "2067"]
[PlyCount "83"]
[EventDate "2003.05.10"]
[EventType "swiss"]
[EventRounds "5"]
[EventCountry "CAN"]
[SourceTitle "EXT 2008"]
[Source "ChessBase"]
[SourceDate "2007.11.25"]
[SourceVersion "1"]
[SourceVersionDate "2007.11.25"]
[SourceQuality "1"]

1. e4 Nf6 2. e5 Nd5 3. d4 d6 4. Nf3 g6 5. Bc4 c6 6. 0-0 Bg7 7. Re1 0-0 8. Nbd2 Bf5 9. Nh4 Be6 10. Bxd5 cxd5 11. f4 Nc6 12. Nb3 Qc7 13. Qe2 Rac8 14. Bd2 g5 15. f5 gxh4 16. fxe6 dxe5 17. Qg4 f5 18. Qxh4 Nxd4 19. Nxd4 exd4 20. Bf4 Qd8 21. Rad1 Bf6 22. Qf2 Rc6 23. Bh6 Re8 24. Qxf5 Kh8 25. Rd3 Rg8 26. Rh3 Rg6 27. Bg5 Qg8 28. Bxf6+ Rxf6 29. Qd3 Rcxe6 30. Rxe6 Rxe6 31. Qxd4+ Qg7 32. Qxd5 Rd6 33. Qb3 Rd1+ 34. Kf2 Qd4+ 35. Re3 Rd2+ 36. Kf1 Rd1+ 37. Kf2 Qf4+ 38. Rf3 Qd2+ 39. Kg3 Qg5+ 40. Kh3 Qh5+ 41. Kg3 Qg5+ 42. Kh3 1/2-1/2

[Event "Edmonton op05b"]
[Site "Edmonton"]
[Date "2003.05.11"]
[Round "?"]
[White "McIntosh, Danny"]
[Black "Kazakevich, Anastasia"]
[Result "0-1"]
[WhiteElo "1830"]
[BlackElo "2032"]
[PlyCount "76"]
[EventDate "2003.05.10"]
[EventType "swiss"]
[EventRounds "5"]
[EventCountry "CAN"]
[SourceTitle "EXT 2008"]
[Source "ChessBase"]
[SourceDate "2007.11.25"]
[SourceVersion "1"]
[SourceVersionDate "2007.11.25"]
[SourceQuality "1"]

1. e4 c6 2. d4 d5 3. e5 Bf5 4. Nc3 e6 5. g4 Bg6 6. Bd3 Bxd3 7. Qxd3 Nd7 8. Nf3 c5 9. dxc5 Bxc5 10. Bd2 Ne7 11. 0-0-0 Nc6 12. Rde1 a6 13. Bg5 Qc7 14. Nxd5 exd5 15. e6 0-0 16. exd7 Qxd7 17. Bf6 gxf6 18. h4 Rfe8 19. Rd1 Ne5 20. Nxe5 fxe5 21. g5 e4 22. Qb3 Rad8 23. h5 Be7 24. g6 fxg6 25. hxg6 Bg5+ 26. Kb1 h6 27. Rdg1 Qb5 28. Qh3 d4 29. f3 exf3 30. Qxf3 Qd5 31. Qa3 Re3 32. c3 dxc3 33. Rd1 Qe4+ 34. Ka1 Rxd1+ 35. Rxd1 cxb2+ 36. Qxb2 Qe5 37. Qxe5 Rxe5 38. Rd7 Re7 0-1

[Event "Edmonton op03"]
[Site "Edmonton"]
[Date "2003.03.27"]
[Round "4"]
[White "McIntosh, Danny"]
[Black "Regimbald, Adrien"]
[Result "1-0"]
[WhiteElo "1743"]
[BlackElo "1766"]
[PlyCount "69"]
[EventDate "2003.03.06"]
[EventType "swiss"]
[EventRounds "5"]
[EventCountry "CAN"]
[SourceTitle "EXT 2008"]
[Source "ChessBase"]
[SourceDate "2007.11.25"]
[SourceVersion "1"]
[SourceVersionDate "2007.11.25"]
[SourceQuality "1"]

1. b3 e5 2. Bb2 d6 3. e3 Nf6 4. Ne2 Be7 5. d3 0-0 6. Nd2 a5 7. g3 Bd7 8. Bg2 c6 9. 0-0 Qc8 10. f4 Ng4 11. Rf3 exf4 12. gxf4 Bh4 13. Ng3 Nf6 14. f5 Na6 15. Nde4 Ne8 16. Rf4 Bxg3 17. Nxg3 f6 18. Qh5 Nb4 19. Ba3 Nxc2 20. Rh4 h6 21. Bb2 Nxa1 22. Bxa1 d5 23. Qg6 Nd6 24. e4 dxe4 25. dxe4 Qe8 26. Qg4 Kh8 27. Nh5 g5 28. Nxf6 Rxf6 29. Rxh6+ Kg8 30. Qxg5+ Rg6 31. Rxg6+ Kf8 32. Bg7+ Kf7 33. Qf6+ Kg8 34. Bh6+ Kh7 35. Qg7# 1-0

[Event "Edmonton-ch"]
[Site "Edmonton"]
[Date "2003.01.09"]
[Round "1"]
[White "Bjornsson, Yngvi"]
[Black "McIntosh, Danny"]
[Result "0-1"]
[WhiteElo "2101"]
[BlackElo "1739"]
[PlyCount "74"]
[EventDate "2003.01.02"]
[EventType "k.o."]
[EventRounds "4"]
[EventCountry "CAN"]
[SourceTitle "EXT 2017"]
[Source "ChessBase"]
[SourceDate "2016.10.25"]
[SourceVersion "1"]
[SourceVersionDate "2016.10.25"]
[SourceQuality "1"]

1. e4 c5 2. Nc3 e6 3. g3 d5 4. exd5 exd5 5. Bg2 Nf6 6. Nge2 Nc6 7. d4 cxd4 8. Nxd4 Bb4 9. 0-0 0-0 10. Nce2 Re8 11. c3 Bc5 12. Bg5 Bg4 13. f3 Bh5 14. Kh1 Ne5 15. Nf4 Bg6 16. Nb3 Bb6 17. Bxf6 gxf6 18. Qxd5 Qc7 19. Rad1 Nc4 20. Rfe1 Ne3 21. Qb5 Re5 22. Nd5 Nxd1 23. Nxf6+ Kg7 24. Rxe5 Nf2+ 25. Kg1 Nd3+ 26. Nd4 Nxe5 27. Ne8+ Rxe8 28. Qxe8 Bxd4+ 29. cxd4 Qc1+ 30. Bf1 Nxf3+ 31. Kf2 Bh5 32. Qb5 Qd2+ 33. Qe2 Qxd4+ 34. Qe3 Qxb2+ 35. Be2 Nxh2 36. Qg5+ Bg6 37. Kg2 Qxe2+ 0-1